Spell the Marvel Character #389 - Statistics

General Stats
  • This quiz has been taken 13 times
  • The average score is 6 of 9
Answer Stats
Picture Answer % Correct
Iron Man
100%
Iceman
92%
Arana
69%
Darwin
69%
U.S. Agent
69%
Justice
62%
Kahhori
46%
Kid Kaiju
38%
Komodo
31%
No matching quizzes found
Score Distribution
Percent of People with Each Score
Percentile by Number Answered
Your Score History
You have not taken this quiz